HER ŞEYİ BİLMEK BENİM SUÇUM DEĞİL (Record no. 1225256)

MARC details
000 -LEADER
sabit uzunluktaki kontrol alanı 00292nam a2200097Ia 4500
001 - KONTROL NUMARASI
kontrol alanı 1225256
005 - EN SON İŞLEMİN TARİH VE ZAMANI
kontrol alanı 20250827092942.0
008 - SABİT-UZUNLUKTA VERİ ÖĞELERİ--GENEL BİLGİ
sabit uzunluktaki kontrol alanı 250824s9999 xx 000 0 und d
245 #0 - ESER / YAZAR
ESER ADI HER ŞEYİ BİLMEK BENİM SUÇUM DEĞİL
Yazar Adı JAMIE KELLY
260 ## - YAYIN, DAĞITIM, VB.
YAYIN EVİ ALTIN KİTAPLAR YAYINLARI
Holdings
Düşüm durumu Kayıp durumu Hasar Durumu Ödünç verilmez Ana kütüphane Geçerli Kütüphane Edinilen tarih Toplam ödünç verme sayısı Barkod Son görüntüleme tarihi Fiyatın geçerli olmaya başladığı tarih Koha materyal türü
        ŞEHİT TEĞMEN BAYRAM OLGUN İMAM HATİP ORTAOKULU ŞEHİT TEĞMEN BAYRAM OLGUN İMAM HATİP ORTAOKULU 24.08.2025   11023363 27.08.2025 27.08.2025 Books